Mil joyas del arte Español: piezas selectas, monumentos magistrales

保存先:
書誌詳細
第一著者: Gómez-Moreno, María Elena (著者)
フォーマット: 図書
言語:スペイン語
出版事項: Barcelona Instituto Gallach de Librería y Ediciones 1947
主題:
タグ: タグ追加
タグなし, このレコードへの初めてのタグを付けませんか!

MARC

LEADER 00000nam a2200000 a 4500
001 UCT3540
003 CL-VaPUC
008 961024e19470000SP |||||||||||||||||spa|d
082 0 4 |a 700.9  |b GOM  |2 21 
100 0 |a Gómez-Moreno, María Elena  |e author  |9 372478 
245 1 0 |a Mil joyas del arte Español: piezas selectas, monumentos magistrales 
300 |a 2 v 
942 |c BK 
945 |d 19961024 00:00:00  |a paguirre 
260 |a Barcelona  |b Instituto Gallach de Librería y Ediciones  |c 1947 
500 |a Donación Padres Capuchinos 
500 |a v.1: Antigüedad y Edad Media 
500 |a v.2: Edad Moderna y Contemporánea 
650 0 |a Artes  |9 268202 
650 0 |a Bellas artes  |9 334299 
650 0 |a Obras de arte  |9 337253 
650 0 |a Museos  |9 269209 
650 0 |a Pintura  |9 265046 
650 0 |a Escultura  |9 265737 
650 0 |a Artes plásticas  |9 268637 
651 0 |a España  |9 254926 
583 |a last modification  |c 19961024 00:00:00  |k Rodrigo Vera 
999 |c 253153  |d 253151 
952 |0 0  |1 0  |4 0  |6 700_900000000000000_GOM_1947  |7 0  |8 X  |9 273766  |a BIBCUR  |b BIBCUR  |d 2019-11-19  |h v.1  |i 1775693  |o 700.9 GOM 1947  |p 1775693  |r 2025-04-22  |w 2019-11-19  |y BK_X  |k BCB 
952 |0 0  |1 0  |4 0  |6 700_900000000000000_GOM_1947  |7 0  |8 X  |9 273767  |a BIBCUR  |b BIBCUR  |d 2019-11-19  |h v.2  |i 1776010  |o 700.9 GOM 1947  |p 1776010  |r 2025-04-22  |w 2019-11-19  |y BK_X  |k BCB 
952 |0 0  |1 0  |4 0  |6 700_900000000000000_GOM_1947  |7 0  |8 X  |9 273768  |a FDOBUD  |b FDOBUD  |d 2019-11-19  |h v.1  |i 4409434  |o 700.9 GOM 1947  |p 4409434  |r 2019-11-19  |w 2019-11-19  |y BK_X  |k BUD 
952 |0 0  |1 0  |4 0  |6 700_900000000000000_GOM_1947  |7 0  |8 X  |9 273769  |a FDOBUD  |b FDOBUD  |d 2019-11-19  |h v.2  |i 4409442  |o 700.9 GOM 1947  |p 4409442  |r 2019-11-19  |w 2019-11-19  |y BK_X  |k BUD